Just law: the changing face of justice - and why it matters to us all (Record no. 48531)

MARC details
000 -LEADER
fixed length control field 00701nam a2200181 a 4500
008 - FIXED-LENGTH DATA ELEMENTS--GENERAL INFORMATION
fixed length control field 190521s2004 ||||||||||||||||| || u
020 ## - INTERNATIONAL STANDARD BOOK NUMBER
International Standard Book Number 9780099458333
050 ## - LIBRARY OF CONGRESS CALL NUMBER
Classification number KD 21 Ken
100 ## - MAIN ENTRY--PERSONAL NAME
Personal name Kennedy, Helena
245 10 - TITLE STATEMENT
Title Just law: the changing face of justice - and why it matters to us all
Statement of responsibility, etc. By Helena Kennedy
260 ## - PUBLICATION, DISTRIBUTION, ETC.
Place of publication, distribution, etc. London
Name of publisher, distributor, etc. Vintage Books
Date of publication, distribution, etc. 2004
300 ## - PHYSICAL DESCRIPTION
Extent xi, 333 pages
350 ## - PRICE (NR) (BK AM CF MU VM SE) [OBSOLETE]
Price 11.19
650 ## - SUBJECT ADDED ENTRY--TOPICAL TERM
Topical term or geographic name entry element RULE OF LAW--GREAT BRITAIN
650 ## - SUBJECT ADDED ENTRY--TOPICAL TERM
Topical term or geographic name entry element CIVIL RIGHTS--GREAT BRITAIN
650 ## - SUBJECT ADDED ENTRY--TOPICAL TERM
Topical term or geographic name entry element DUE PROCESS OF LAW--GREAT BRITAIN
995 ## - RECOMMENDATION 995 [LOCAL, UNIMARC FRANCE]
-- CBU-MAIN LIBRARY (Kitwe)
-- 11.19
-- 1
-- AVAILABLE
-- May 28, 2019
-- Annex Low-Usage Collection
Holdings
Withdrawn status Lost status Source of classification or shelving scheme Damaged status Not for loan Home library Current library Shelving location Date acquired Total Checkouts Full call number Barcode Date last seen Price effective from Koha item type
          CBU-MAIN LIBRARY, KITWE. CBU-MAIN LIBRARY, KITWE.   11/30/2022   KD 21 Ken 749086 11/30/2022 11/30/2022 MONOGRAPH